'NO' Way Out Quiz Stats

 Plays Quiz Updated Oct 12, 2018

Also try: The Great Quiz
Challenge
Share
Tweet
Embed
Score 0/24 Timer 04:00
0 Plays Today
Hint Word % Correct
The I in FYIinformation
97.3%
Vegetable that induces tearsonion
96.6%
Stringed instrument; useful for duelingbanjo
94.5%
Ballroom dance from Argentinatango
93.1%
Actress Watts of King KongNaomi
91.6%
Loop in rope used for hangingnoose
91.5%
Mario and Zelda belong to this companyNintendo
90.8%
5th US prez. or 50's actressMonroe
90.2%
Artillery on a pirate shipcannon
87.5%
16th president or 2012 Spielberg filmLincoln
86.7%
Cover blocking your way to the sewermanhole
86.2%
Parody Singer Weird AlYankovic
85.8%
Hint Word % Correct
What Judy Garland would love to fly overrainbow
84.1%
Copy data from the internetdownload
76.7%
'MMMBop' groupHanson
70.1%
Island made up of Indonesia, Malaysia, and BruneiBorneo
69.3%
Bean also known as a chickpeagarbanzo
60.6%
Include, entangleinvolve
60.2%
Actress Tilda of Michael ClaytonSwinton
55%
Fresh, not tired from useunworn
44.8%
What you are 'at', if under threat of being shotgunpoint
42.8%
Forming an unbroken whole (eg. a circle)continuous
33.7%
Without interest or reasonunmotivated
24.5%
Arrested Development character or 'Hello' in KoreanAnnyong
21.3%

You're not logged in!

Compare scores with friends on all Sporcle quizzes.
OR
Log In

You Might Also Like...

Show Comments

Extras

Top Quizzes Today


Score Distribution

Your Account Isn't Verified!

In order to create a playlist on Sporcle, you need to verify the email address you used during registration. Go to your Sporcle Settings to finish the process.

Report this User

Report this user for behavior that violates our Community Guidelines.

Details: